| 000 | 00492nam a22001577a 4500 | ||
|---|---|---|---|
| 003 | macl | ||
| 005 | 20190412131857.0 | ||
| 008 | 190412b xxu||||| |||| 00| 0 eng d | ||
| 040 | _cmacl | ||
| 082 | _a891.437/MIS | ||
| 100 |
_aमिश्र ,दीनानाथ _974279 |
||
| 245 | _aकही अनकही | ||
| 260 |
_aदिल्ली _bसत्साहित्य प्रकाशन _c2017 |
||
| 650 |
_aव्यंग्य _974282 |
||
| 942 |
_2ddc _cHIN |
||
| 999 |
_c59362 _d59362 |
||